UM Logo

A more democratic and united Latin America is ready to take its rightful place in the world/ (Record no. 13249)

MARC details
000 -LEADER
fixed length control field 00543nam a2200133 4500
008 - FIXED-LENGTH DATA ELEMENTS--GENERAL INFORMATION
fixed length control field 190220b ||||| |||| 00| 0 eng d
082 ## - DEWEY DECIMAL CLASSIFICATION NUMBER
Classification number DPer 050 T48 Apr-June 2016 v. 187. n. 12-24.
100 ## - MAIN ENTRY--PERSONAL NAME
9 (RLIN) 37037
Personal name Bachelet, Michelle
245 ## - TITLE STATEMENT
Title A more democratic and united Latin America is ready to take its rightful place in the world/
Statement of responsibility, etc. President Michelle Bachelet
260 ## - PUBLICATION, DISTRIBUTION, ETC. (IMPRINT)
Place of publication, distribution, etc. Hong Kong;
Name of publisher, distributor, etc. Time Asia,
Date of publication, distribution, etc. c2016.
300 ## - PHYSICAL DESCRIPTION
Extent v187 n14, pages 14-16:
Other physical details illustrations;
Dimensions 27 cm.
650 ## - SUBJECT ADDED ENTRY--TOPICAL TERM
Topical term or geographic name as entry element Economic conditions
9 (RLIN) 37038
Geographic subdivision Latin America.
942 ## - ADDED ENTRY ELEMENTS (KOHA)
Source of classification or shelving scheme Dewey Decimal Classification
Koha item type Periodicals
Holdings
Withdrawn status Lost status Source of classification or shelving scheme Damaged status Not for loan Collection code Home library Current library Date acquired Total Checkouts Full call number Date last seen Price effective from Koha item type Public note
    Dewey Decimal Classification     Periodicals UM Digos College - LIC UM Digos College - LIC 02/20/2019   DPer 050 T48 Apr-June 2016 v. 187, n. 12-24. 02/20/2019 02/20/2019 Periodicals Periodical article